| 000 | 01121nam a2200241 a 4500 | ||
|---|---|---|---|
| 001 | 000300460 | ||
| 003 | AM-YeHGA | ||
| 005 | 20250924132857.0 | ||
| 008 | 040117s1904 gs |||||||||||||||0|arm|d | ||
| 040 | _aAM-YeHGA | ||
| 041 | 0 | _aarm | |
| 100 | 1 |
_aՔալանթար, Ալեքսանդր Հայրապետի, _d1855-1913 _91611 |
|
| 245 | 1 | 0 |
_aՄանրանկարներ / _cՎրձին (Ալեքսանդր Հայրապետի Քալանթար). |
| 260 |
_aԹիֆլիս : _bЭлектропечатня Груз. Изд. Т-ва ; _bտպ. Վրաց. հրատ. ընկ, _c1904. |
||
| 300 | _aհատոր | ||
| 500 | _aՎրձին = Ալեքսանդր Հայրապետի Քալանթար | ||
| 500 | _a2 հատոր մի կազմի մեջ | ||
| 505 | 0 | 0 |
_gՀ. 1 (1904; 520 էջ) ; _gՀ. 2 (1904; 472 էջ) |
| 650 | 1 | 4 |
_aՀայ գրականություն _xԱկնարկ _94573 |
| 856 | 4 | 1 |
_uhttp://haygirk.nla.am/upload/1512-1940/1901-1940/manrankar1_1904.pdf _yԿարդալ առցանց, Հ. 1 |
| 856 | 4 | 1 |
_uhttp://haygirk.nla.am/upload/1512-1940/1901-1940/manrankar2_1904.pdf _yԿարդալ առցանց, Հ. 2 |
| 942 |
_2udc _cBK |
||
| 999 |
_c110610 _d110610 |
||